| 000 | 00571nam a2200181 i 4500 | ||
|---|---|---|---|
| 001 | 42617 | ||
| 003 | ES-MaACL | ||
| 005 | 20230906160640.0 | ||
| 007 | t| | ||
| 008 | 030313s1966 sp ||||1| spa d | ||
| 100 | 1 |
_aCastells Cañameras, José. _936597 |
|
| 245 | 1 | 0 |
_aTarrasa y los tarrasenses _b: (1939-1964) / _cJ. Castells, M. Palomares, F. Torreva. |
| 260 |
_aTarrasa : _b[s.n.], _c1966. |
||
| 300 |
_a456 p., 2 plan., 1 map., 1 gráf. pleg. ; _c19 cm. |
||
| 700 | 1 |
_aPalomares, M. _988675 |
|
| 700 | 1 |
_aTorreva, F. _9111037 |
|
| 852 |
_aES-MaACL _jC-31968 _bR.62732 |
||
| 999 |
_c42617 _d42617 |
||